|
|
|
|
| LEADER |
009460000a22002650004500 |
| 082 |
|
|
|a 362.208 3 N6
|
| 100 |
|
|
|a Alex, O J; Guide
|
| 100 |
|
|
|a Lizy James; Researcher
|
| 245 |
|
|
|a Family configuration of children with behaviour disorders
|
| 250 |
|
|
|a Ph.D
|
| 260 |
|
|
|a Kottayam, Mahatma Gandhi University
|
| 260 |
|
|
|c 1998
|
| 460 |
|
|
|a 272p
|
| 500 |
|
|
|a Awarded on 7.8.1998
|
| 500 |
|
|
|a Includes bibliographical references
|
| 500 |
|
|
|a Lizy James; Guided by Dr.Alex O J
|
| 500 |
|
|
|a Research centre, Rajagiri college of Social sciences Kalamassery, Kerala
|e IN
|
| 650 |
|
|
|a Behavior disorders in children
|
| 650 |
|
|
|a Child psychopathology
|
| 650 |
|
|
|a Dissertations, Academic (Ph.D)
|
| 650 |
|
|
|a Family problems
|
| 650 |
|
|
|a Thesis (Ph.D)-Social work
|
| 942 |
|
|
|c BK
|
| 999 |
|
|
|c 34722
|d 34722
|
| 952 |
|
|
|0 0
|1 0
|4 0
|6 362_208000000000000_3_N6
|7 0
|8 THES
|9 35043
|a MGUL
|b MGUL
|d 2013-07-16
|l 0
|o 362.208 3 N6
|p T00838
|r 2013-07-16
|w 2013-07-16
|y THES
|